000 01362ngm a22003970a 4500
001 PT43892
003 AR-LpoUNG
005 20210201235944.0
007 vd cvaizq
008 191001s[201||||ag |||||||||||||||||spa d
040 _aAR-LpoUNG
_bspa
_cAR-LpoUNG
_eaacr
041 _aspa
044 _aag
082 0 _a302.1 617v8
100 1 _aBirri, Fernando
_edir.
245 1 0 _aCastagnino :
_bdiario romano
260 _aRosario :
_bISCAA - ATE,
_c[2011].
300 _aDVD (12 min.) : son., byn
505 0 _aHecha en 1967. Argentina-Italia - Guión: Fernando Birri. - Música: Astor Piazzolla. - Sonido: Mario Fezia. - Fotografía: Luis Saldanha, Adelqui Camusso, Carmelo Lovotrico.
520 _aA través de la obra del desaparecido pintor argentino, recidente en aquellos años en Roma, una reflexión sobre el significado del artista en el mundo contemporáneo, su contradiccón entre lo universal a que debe aspirar todo arte y el compromiso de una afirmamación nacional.
650 4 _aARGENTINA
650 4 _aARTE
650 4 _aCULTURA
650 4 _aITALIA
650 4 _aMARGINALIDAD
650 4 _aPOBREZA
650 4 _aPROBLEMAS SOCIALES
651 4 _aArgentina
653 _aCINE ARGENTINO
653 _aCORTOMETRAJE
653 _aDOCUMENTALES
653 _aDVD
653 _aVIDEOS
905 _a43892
942 _cDVD
999 _c53839
_d53839